European Writers (A-Z) Quiz Stats

 Plays Quiz Updated Nov 14, 2015

Challenge
Share
Tweet
Embed
Score 0/25 Timer 05:00
7 Plays Today
Opening letter Answer % Correct
SWilliam Shakespeare
94.8%
BEmily Brontë
94.4%
AJane Austen
94%
RJ. K. Rowling
93.9%
OGeorge Orwell
92.8%
TLeo Tolstoy
89.7%
JJames Joyce
85.5%
VJules Verne
82.4%
DAlexandre Dumas
81.1%
HStephen Hawking
70.5%
IHenrik Ibsen
61.1%
CAgatha Christie
59.7%
LStieg Larsson
56.7%
Opening letter Answer % Correct
EUmberto Eco
51.6%
PBoris Pasternak
49.2%
FE. M. Forster
46.7%
KMilan Kundera
31.6%
GGünter Grass
31.6%
ZÉmile Zola
30.5%
MThomas Mann
27.7%
YW. B. Yeats
9.3%
NJo Nesbø
8.9%
QRaymond Queneau
6.3%
UBarry Unsworth
4.7%
WMika Waltari
4.4%

You're not logged in!

Compare scores with friends on all Sporcle quizzes.
Join for Free
OR
Log In

You Might Also Like...

Show Comments

Extras

Top Quizzes Today


Score Distribution

Your Account Isn't Verified!

In order to create a playlist on Sporcle, you need to verify the email address you used during registration. Go to your Sporcle Settings to finish the process.

Report this User

Report this user for behavior that violates our Community Guidelines.

Details: